000 00720cab a22002055a 4500
001 L135749
008 061208e20061130xxk f 000 0 eng d
035 _a(Sirsi) u135749
041 0 _aeng
100 1 _aDeeney, Aileen
245 0 2 _aA civil affair
260 _c2006
490 0 _aTaxation
_v158(4086) 30 November 2006, 221-222(2)
520 _aLooks in depth at only or main residence relief where marriage or civil partnership is concerned. Covers inter spouse transfers, early ownership and dependent relative relief.
590 _aKA
650 2 4 _aTAXATION OF CHARGEABLE GAINS ACT 1992
651 4 _aUnited Kingdom
_y
690 _aPROPERTY-RESIDENTIAL PROPERTY-RESIDENTIAL PROPERTY TAXATION
942 _n0
999 _c77982
_d77982